000
00203 a2200097 4500
001
26713
100
_a
Pierce, J.J
245
_a
Applied electronics
260
_a
_b
Merrill
_c
1972
090
_c
17963
_d
17963
942
_a
NUST-CAE
_c
M
_c
8850
999
_c
261786
_d
261786